The Life of Sir William Harcourt (Record no. 366386)

000 -LEADER
fixed length control field 00346cam a22001217a 4500
008 - FIXED-LENGTH DATA ELEMENTS--GENERAL INFORMATION
fixed length control field 180718b1923 xxu||||| |||| 00| 0 eng d
082 ## - DEWEY DECIMAL CLASSIFICATION NUMBER
Classification number A99 H215/G168
100 ## - MAIN ENTRY--PERSONAL NAME
Personal name Gardiner, A.G.
245 ## - TITLE STATEMENT
Title The Life of Sir William Harcourt
Statement of responsibility, etc. by A.G. Gardiner
260 ## - PUBLICATION, DISTRIBUTION, ETC.
Place of publication, distribution, etc. London
Name of publisher, distributor, etc. Constable
Date of publication, distribution, etc. 1923
300 ## - PHYSICAL DESCRIPTION
Extent 2v.
650 ## - SUBJECT ADDED ENTRY--TOPICAL TERM
Topical term or geographic name entry element Harcourt, Sir William, 1827-1904
Holdings
Withdrawn status Lost status Damaged status Not for loan Permanent Location Current Location Date acquired Full call number Barcode Date last seen Price effective from Koha item type
        Indian Institute of Public Administration Indian Institute of Public Administration 1994-05-02 A99 H215/G168 7412 2018-07-21 2018-07-21 Book

Powered by Koha